| 000 | 00360 a2200109 4500 | ||
|---|---|---|---|
| 001 | ART_4719 | ||
| 005 | 20260410161824.0 | ||
| 008 | 260409a | ||
| 245 | 1 | 0 | _aAlguna reflexiones sobre educación y formación |
| 100 | 1 | _aMc Derment, William | |
| 773 | 0 |
_tRevista de trabajo _gFormación profesional - Año 1, Nº 1 (mar./abr. 1994) _wREV4713 |
|
| 999 |
_c22602 _d22602 |
||